000 00534ntaaa2200193 4500
003 01
005 20251027201535.0
008 0714s1973 ag 01
040 _aAR-BaBN
_bspa
_cAR-BaBN
_eaacr
_dRIC
082 _a227.8000 Oc4
100 _aOckenga, Harold J.
_914055
245 _aChurch in God; expository values in Thessalonians.
250 _a1 ed. :
_bF. H. Revell Company,
_cc1956
300 _a350 p.
650 _aBiblia-Nuevo Testamento-Tesalonicenses
650 _aTesalonicenses
650 _aSermones
_9362
942 _cBK
999 _c10014
_d10014